Statistiken für Star Wars Planeten

Klicken Sie hier um das Quiz zu spielen!

Allgemein

  • Dieses Quiz wurde 409 mal gespielt
  • Das Durchschnittsergebnis liegt bei 6 aus 9

Antwortstatistiken

HintAntwort% Korrekt
Heimatplanet von Prinzessin LeiaAlderaan
89%
Hier sind die Gungans zu findenNaboo
88%
Mond auf dem der Kampf der Rebellen (und Ewoks) gegen das Imperium stattfandEndor
86%
Heimat von Anakin SkywalkerTatooine
82%
Auf ihm befindet sich der Jedi-Tempel, der Hohe Rat und der galaktische SenatCoruscant
78%
Hier wurde Luke Skywalker ausgebildetDagobah
76%
Heimatwelt von Rey mit einem Raumschiff-FriedhofJakku
66%
Wurde von der Ersten Ordnung in eine Superwaffe umgebautStarkiller Base
35%
Luke Skywalker versteckte sich jahrelang auf diesem PlanetenAhch-To
24%

Verteilung der Resultate

Perzentil nach korrekt beantworteten Fragen

Anzahl Personen mit jedem Resultat

Ihre Resultats-Entwicklung

Sie haben dieses Quiz noch nicht gespielt